Statistics for Middle East Map Quiz

Click here to take the quiz!

General Stats

  • This quiz has been taken 754,091 times
    (229,543 since last reset)
  • The average score is 14 of 17

Answer Stats

Answer % Correct
Egypt
95%
Saudi Arabia
91%
Turkey
90%
Cyprus
89%
Iraq
86%
Iran
83%
Oman
82%
Yemen
79%
Israel
78%
United Arab Emirates
77%
Syria
76%
Palestinian Territories
75%
Kuwait
74%
Qatar
72%
Jordan
71%
Bahrain
68%
Lebanon
68%

Score Distribution

Percentile by Number Answered

Percent of People with Each Score

Your Score History

You have not taken this quiz since the last reset